000 00685cab a2200229 4500
001 WB3415-70
008 090401t1998 xxu||||| |||| 00| 0 eng d
035 _a(Sirsi) u85620
041 _aeng
245 _aBusiness rates
260 _c1998
350 _a0
490 _aTimes
_v14 April 1998, 37(1)
520 _aSurveyors, Fuller Peiser predict that the revaluation of Business rates in 2000 could lead to an increase of up to 20% in rate bills for some companies.
650 _aBUSINESS RATES
650 _aRATING REVALUATION
650 _aRATING REVALUATION 2000
650 _aSMALL BUSINESSES
690 _aRATING AND VALUATION
942 _n0
948 _c16/04/1998
999 _c53845
_d53845